Критические очерки о писателях Азово-Черноморского края. Сборник 1 (Запись № 13593613)

Подробности
000 -МАРКЕР
контрольное поле 01828nam2a2200325 4500
001 - ИДЕНТИФИКАТОР ЗАПИСИ
контрольное поле rc\2913485
005 - ИДЕНТИФИКАТОР ВЕРСИИ
контрольное поле 20260315054318.0
035 ## - ДРУГИЕ СИСТЕМНЫЕ НОМЕРА
Идентификатор записи (NLR Aleph) 007064048
100 ## - ДАННЫЕ ОБЩЕЙ ОБРАБОТКИ
Данные общей обработки 20080123d1934 u y0rusy50 ca
101 0# - ЯЗЫК РЕСУРСА
Язык текста, звукозаписи и т.д. русский
102 ## - СТРАНА ПУБЛИКАЦИИ ИЛИ ПРОИЗВОДСТВА
Страна публикации Российская Федерация
105 ## - ПОЛЕ КОДИРОВАННЫХ ДАННЫХ: ТЕКСТОВЫЕ МАТЕРИАЛЫ, МОНОГРАФИЧЕСКИЕ
Кодированные данные о монографическом текстовом документе y z |||||
200 0# - ЗАГЛАВИЕ И СВЕДЕНИЯ ОБ ОТВЕТСТВЕННОСТИ
Основное заглавие Сборник 1
Первые сведения об ответственности А. Бусыгин, Г. Кац, П. Кофанов, Л. Шемшелевич, Г. Шолохов-Синявский, П. Яковлев
210 ## - ПУБЛИКАЦИЯ, РАСПРОСТРАНЕНИЕ И ДР.
Дата издания, распространения и т.д. 1934
215 ## - ФИЗИЧЕСКАЯ ХАРАКТЕРИСТИКА
Специфическое обозначение материала и объем 158, [2] с.
300 ## - ОБЩИЕ ПРИМЕЧАНИЯ
Текст примечания На обл. "А.В. Васильев, А.О. Гербстман, А.М. Линин, Н.Н. Сретенский. Писатели Азово-Черноморского края"
461 #0 - УРОВЕНЬ НАБОРА
Встроенное поле 001rc\2913484
-- 2000#$aКритические очерки о писателях Азово-Черноморского края$eСборник 1-$fАзово-Черномор. оргком. Союза совет. писателей$vСборник 1
Системный номер (АБИС) связанной записи 6314685
Место публикации Ростов н/Д
Дата публикации 1934
Первые сведения об ответственности Азово-Черномор. оргком. Союза совет. писателей
Имя издателя, распространителя и т.д. Азово-Черномор. краев. изд-во
Сведения, относящиеся к заглавию Сборник 1-
Заглавие Критические очерки о писателях Азово-Черноморского края
Номер тома Сборник 1
512 00 - ЗАГЛАВИЕ ОБЛОЖКИ
Заглавие обложки А.В. Васильев, А.О. Гербстман, А.М. Линин, Н.Н. Сретенский. Писатели Азово-Черноморского края
700 #1 - ИМЯ ЛИЦА - ПЕРВИЧНАЯ ОТВЕТСТВЕННОСТЬ
Начальный элемент ввода Бусыгин
Часть имени, кроме начального элемента ввода А.
701 #1 - ИМЯ ЛИЦА - АЛЬТЕРНАТИВНАЯ ОТВЕТСТВЕННОСТЬ
Начальный элемент ввода Кац
Часть имени, кроме начального элемента ввода Г.
701 #1 - ИМЯ ЛИЦА - АЛЬТЕРНАТИВНАЯ ОТВЕТСТВЕННОСТЬ
Начальный элемент ввода Кофанов
Часть имени, кроме начального элемента ввода П.
701 #1 - ИМЯ ЛИЦА - АЛЬТЕРНАТИВНАЯ ОТВЕТСТВЕННОСТЬ
Начальный элемент ввода Шемшелевич
Часть имени, кроме начального элемента ввода Л.
701 #1 - ИМЯ ЛИЦА - АЛЬТЕРНАТИВНАЯ ОТВЕТСТВЕННОСТЬ
Начальный элемент ввода Шолохов-Синявский
Часть имени, кроме начального элемента ввода Г.
701 #1 - ИМЯ ЛИЦА - АЛЬТЕРНАТИВНАЯ ОТВЕТСТВЕННОСТЬ
Начальный элемент ввода Яковлев
Часть имени, кроме начального элемента ввода П.
801 #0 - ИСТОЧНИК ЗАПИСИ
Страна Российская Федерация
Организация NLR
Правила каталогизации psbo
801 #1 - ИСТОЧНИК ЗАПИСИ
Страна Российская Федерация
Организация ELAR
Источник данных rusmarc
852 ## - МЕСТОНАХОЖДЕНИЕ И ШИФР ХРАНЕНИЯ
Идентификатор организации NLR
Шифр хранения (Call Number) 34-16/232(1)
942 ## - ДОПОЛНИТЕЛЬНЫЕ ЭЛЕМЕНТЫ ЗАПИСИ (АБИС)
Тип экземпляра АБИС Неопределено
980 ## - КОЛЛЕКЦИЯ
Название коллекции Национальная библиография

Нет доступных экземпляров.